| 000 | 00564nam a2200181 i 4500 | ||
|---|---|---|---|
| 001 | 134248 | ||
| 003 | ES-MaACL | ||
| 005 | 20231102063034.0 | ||
| 007 | t| | ||
| 008 | 070907s1946 sp ||||1| spa d | ||
| 100 | 1 |
_aWassermann, Jakob, _d1873-1934 _9116154 |
|
| 245 | 1 | 3 |
_aEl hombrecillo de los gansos / _cJakob Wassermann ; traducción de Enrique Giménez Mauro. |
| 260 |
_aBarcelona : _bApolo, _c1946. |
||
| 300 |
_a479 p. ; _c22 cm. |
||
| 700 | 1 |
_aGiménez Mauro, Enrique. _957055 |
|
| 852 |
_aES-MaACL _jB-10463 _bR.22080 |
||
| 999 |
_c134248 _d134248 |
||